| 000 | 00500nam a2200157Ia 4500 | ||
|---|---|---|---|
| 003 | SGT | ||
| 020 | _a9788131704363 | ||
| 082 |
_a4 _bITL |
||
| 100 | _aIt Education Solutions Ltd. | ||
| 245 | _aIntroduction to computer science | ||
| 260 |
_bPearson _aN.Delhi _c2008 |
||
| 300 | _a496p. | ||
| 650 | _aCOMPUTER SCIENCE | ||
| 653 | _aINTRODUCTION TO COMPUTERS,NUMBER SYSTEMS AND LOGIC GATES,COMPUTER ARCHITECTURE,PRIMARY MEMORY SECONDARY STORAGE INPUT DEVICES COMPUTER LANGUAGES | ||
| 942 |
_2ddc _cBK _036 |
||
| 999 |
_c4965 _d4965 |
||